Del sentido a la realidad : estudios sobre la filosofía de Zubiri /
Los autores abordan de manera general el pensamiento del filósofo español Xavier Zubiri (1898-1983), su aporte en el rompimiento con el dualismo clásico realismo-idealismo, y el análisis a una de sus obras póstumas Sobre el sentimiento y la volición. Contenido: Zubiri en la filosofía contemporánea;...
محفوظ في:
| مؤلفون آخرون: | , |
|---|---|
| التنسيق: | كتاب |
| اللغة: | الإسبانية |
| منشور في: |
Madrid, España :
Trotta : Fundación Xavier Zubiri,
1995, c1995
|
| سلاسل: | (Estructuras y Procesos. Filosofía)
|
| الموضوعات: | |
| الوسوم: |
لا توجد وسوم, كن أول من يضع وسما على هذه التسجيلة!
|
MARC
| LEADER | 00000nam^a2200000^a^4500 | ||
|---|---|---|---|
| 001 | 000103954 | ||
| 005 | 20250521000000.0 | ||
| 009 | 20260310093407.104 | ||
| 020 | |a 84-8164-035-0 | ||
| 037 | |a Acervo ITESO - Biblioteca | ||
| 041 | |a ESP | ||
| 082 | |a 149. 2 |b ZUB EST DEL | ||
| 245 | 1 | 0 | |a Del sentido a la realidad : |b estudios sobre la filosofía de Zubiri / |c J. Muguerza ...[et al.] ; pról. de D. Gracia. |
| 264 | 4 | |a Madrid, España : |b Trotta : |b Fundación Xavier Zubiri, |c 1995, c1995 | |
| 300 | |a 254 p. | ||
| 336 | |a texto |b txt |2 rdacontenido | ||
| 337 | |a sin mediación |b n |2 rdamedio | ||
| 338 | |a volumen |b nc |2 rdasoporte | ||
| 440 | 1 | |a (Estructuras y Procesos. |p Filosofía) | |
| 520 | |a Los autores abordan de manera general el pensamiento del filósofo español Xavier Zubiri (1898-1983), su aporte en el rompimiento con el dualismo clásico realismo-idealismo, y el análisis a una de sus obras póstumas Sobre el sentimiento y la volición. Contenido: Zubiri en la filosofía contemporánea; El sentimiento, la voluntad, el mal. | ||
| 649 | |a XX | ||
| 650 | |a Filósofos Españoles | ||
| 650 | |a Sentimientos - |x Filosofía | ||
| 650 | |a Voluntad - |x Filosofía | ||
| 650 | |a Bien y Mal | ||
| 650 | |a Dios | ||
| 650 | |a Metafísica | ||
| 650 | |a Psicología - |x Filosofía | ||
| 650 | |a Realidad - |x Filosofía - |x Historia y Crítica - |x Tema Principal | ||
| 650 | |a Filosofía del Siglo XX - |x Historia y Crítica | ||
| 650 | |a Filosofía Española - |x Historia y Crítica | ||
| 650 | |a Zubiri, Xavier | ||
| 700 | |a Muguerza, Javier |e (autor) | ||
| 700 | |a Gracia, Diego |e (prólogo) | ||
| 910 | |a Fondo General | ||
| 920 | |a Impresos - Libros | ||
| 930 | |a Colección General | ||
| 905 | |a 101 | ||
| 901 | |a 0500038954 |b IT1 |c ACC |u 20250521 | ||
| 901 | |a 0500038955 |b IT1 |c ACC |u 20250521 | ||
| 902 | |a https://opac.biblio.iteso.mx/vufind/Record/000103954 | ||